[Event "105th ch-GBR 2018"]
[Site "Hull ENG"]
[Date "2018.07.31"]
[Round "4.12"]
[White "Derakhshani, Borna"]
[Black "Fernandez, Daniel Howard"]
[Result "0-1"]
[WhiteTitle "FM"]
[BlackTitle "GM"]
[WhiteElo "2315"]
[BlackElo "2477"]
[WhiteFideId "12518450"]
[BlackFideId "5801605"]
[EventDate "2018.07.28"]

1. d4 d6 2. Nc3 Nd7 3. d5 e5 4. dxe6 fxe6 5. e4 g6 6. h4 Bh6 7. Bxh6 Nxh6 8. Qd2
Nf7 9. O-O-O a6 10. f4 b5 11. e5 dxe5 12. Ne4 O-O 13. h5 Bb7 14. hxg6 Bxe4 15.
gxf7+ Rxf7 16. fxe5 Qf8 17. Nh3 Bf5 18. Ng5 Rg7 19. g4 Bxg4 20. Nxh7 Rxh7 21.
Rxh7 Kxh7 22. Qxd7+ Kh8 23. Bd3 Qh6+ 24. Kb1 Bxd1 25. Be4 Rg8 26. Qxd1 Qh2 27.
Bd3 Rg1 28. Bf1 Qf4 0-1

[Event "105th ch-GBR 2018"]
[Site "Hull ENG"]
[Date "2018.07.31"]
[Round "4.13"]
[White "Kolbus, Dietmar"]
[Black "Ward, Chris G"]
[Result "1/2-1/2"]
[WhiteTitle "IM"]
[BlackTitle "GM"]
[WhiteElo "2303"]
[BlackElo "2434"]
[WhiteFideId "4610628"]
[BlackFideId "400203"]
[EventDate "2018.07.28"]

1. c4 b6 2. e4 Bb7 3. Nc3 e5 4. Nf3 Nc6 5. Be2 Bc5 6. O-O d6 7. d3 Nf6 8. Nd5
Nd4 9. Nxd4 Bxd4 10. Ne3 Bxe3 11. Bxe3 h6 12. f4 Nd7 13. Qd2 Qe7 14. Rf2 c5 15.
Raf1 f6 16. Bh5+ Kd8 17. b4 cxb4 18. Qxb4 Nc5 19. Qa3 Kc7 20. fxe5 dxe5 21. Bxc5
Qxc5 22. Qxc5+ bxc5 23. Bf7 Rab8 24. Rb2 Bc6 25. Rfb1 Rb6 26. Rxb6 axb6 27. a3
Ra8 28. Rb3 Ba4 29. Rc3 Rf8 30. Bd5 g6 31. Kf2 f5 32. exf5 gxf5 33. Bf3 Bc6 34.
Bh5 Rd8 35. Be2 Rg8 36. Bf1 h5 37. Rb3 h4 38. Rb1 Ra8 39. Rb3 Rd8 40. Rb2 Rd4
41. Rb3 Rf4+ 42. Ke1 Rg4 43. Kf2 f4 44. Rb1 Rg5 45. Rb3 Kb7 46. Rb2 Ka6 47. Rb1
Ka5 48. Rb3 Rg6 49. Rb1 Bb7 50. Re1 Re6 51. Be2 e4 52. dxe4 Rxe4 53. Rd1 Ba6 54.
Rd8 Bxc4 55. Bf3 Rd4 56. Ra8+ Kb5 57. a4+ Kb4 58. Rb8 Rd6 59. Rf8 Rd2+ 60. Ke1
Rd4 61. Rb8 Rd6 62. Rf8 Rd4 63. Rb8 Kxa4 64. Rxb6 Bd5 65. Bd1+ Ka5 66. Rh6 Bxg2
67. Rxh4 c4 68. Rh8 f3 69. Rf8 c3 70. Ra8+ Kb5 71. Ra2 Rh4 72. Ra3 Re4+ 73. Kf2
Rc4 74. Bc2 Kc5 75. h4 Kd4 76. Ra4 Rxa4 77. Bxa4 Ke4 78. Bc2+ Kf4 79. h5 Kg5 80.
Bg6 Bh3 81. Kxf3 Bg4+ 82. Ke3 Bxh5 83. Bxh5 c2 84. Kd2 Kxh5 85. Kxc2 1/2-1/2

[Event "105th ch-GBR 2018"]
[Site "Hull ENG"]
[Date "2018.08.01"]
[Round "5.1"]
[White "Howell, David W L"]
[Black "Jones, Gawain C B"]
[Result "1/2-1/2"]
[WhiteTitle "GM"]
[BlackTitle "GM"]
[WhiteElo "2687"]
[BlackElo "2670"]
[WhiteFideId "410608"]
[BlackFideId "409561"]
[EventDate "2018.07.28"]

1. d4 Nf6 2. c4 g6 3. Nc3 Bg7 4. e4 O-O 5. Be2 d6 6. Be3 c5 7. d5 e6 8. Nf3 exd5
9. cxd5 Re8 10. Nd2 c4 11. O-O Na6 12. Bf3 b6 13. Re1 Nc5 14. Bxc5 bxc5 15. e5
Rxe5 16. Rxe5 dxe5 17. Nxc4 e4 18. Nxe4 Nxe4 19. Bxe4 Ba6 20. Qa4 Bxc4 21. Qxc4
Qd6 22. Rb1 Re8 23. Bf3 Bxb2 1/2-1/2

[Event "105th ch-GBR 2018"]
[Site "Hull ENG"]
[Date "2018.08.01"]
[Round "5.2"]
[White "McShane, Luke J"]
[Black "Adams, Michael"]
[Result "1/2-1/2"]
[WhiteTitle "GM"]
[BlackTitle "GM"]
[WhiteElo "2669"]
[BlackElo "2706"]
[WhiteFideId "404853"]
[BlackFideId "400041"]
[EventDate "2018.07.28"]

1. e4 e5 2. Nf3 Nc6 3. Bc4 Bc5 4. d3 Nf6 5. Nc3 d6 6. Na4 Bb6 7. a3 Ne7 8. Bg5
Ng6 9. Nxb6 axb6 10. Nh4 h6 11. Nxg6 fxg6 12. Be3 Qe7 13. O-O Be6 14. Bxe6 Qxe6
15. f4 exf4 16. Rxf4 O-O 17. Bd4 Nh5 18. Rxf8+ 1/2-1/2

[Event "105th ch-GBR 2018"]
[Site "Hull ENG"]
[Date "2018.08.01"]
[Round "5.3"]
[White "Fodor, Tamas Jr."]
[Black "Fernandez, Daniel Howard"]
[Result "1-0"]
[WhiteTitle "GM"]
[BlackTitle "GM"]
[WhiteElo "2506"]
[BlackElo "2477"]
[WhiteFideId "723762"]
[BlackFideId "5801605"]
[EventDate "2018.07.28"]

1. e4 d5 2. exd5 Qxd5 3. Nc3 Qa5 4. d4 Nf6 5. Nf3 Bg4 6. h3 Bxf3 7. Qxf3 c6 8.
Bd3 e6 9. O-O Nbd7 10. Ne4 Nxe4 11. Bxe4 Rd8 12. c3 Nf6 13. Bc2 Be7 14. Bf4 O-O
15. Rfe1 Bd6 16. Be5 Qd5 17. Qg3 Nh5 18. Qg4 g6 19. Bb3 Qb5 20. Bxd6 Rxd6 21.
Re5 f5 22. Qg5 Qb6 23. Bxe6+ Kh8 24. Bb3 Qd8 25. Qxd8 Rfxd8 26. Rae1 Nf6 27. f3
f4 28. h4 R8d7 29. Re7 Rxe7 30. Rxe7 Rd7 31. Rxd7 Nxd7 32. Be6 Nb6 33. c4 Na4
34. c5 Nxb2 35. Bc8 Nd1 36. Bxb7 Nc3 37. Bxc6 Ne2+ 38. Kh2 Nxd4 39. Bd5 Kg7 40.
c6 Nb5 41. Kh3 Nc7 42. Bb3 h5 43. g3 fxg3 44. Kxg3 Kf6 45. f4 Ke7 46. Bc2 Kf6
47. Be4 Ne8 48. Kf3 Nc7 49. Ke3 Ne6 50. Bc2 Nc7 51. Ke4 Ne6 52. Kd5 1-0

[Event "105th ch-GBR 2018"]
[Site "Hull ENG"]
[Date "2018.08.01"]
[Round "5.4"]
[White "Ghasi, Ameet K"]
[Black "Wells, Peter K"]
[Result "1-0"]
[WhiteTitle "IM"]
[BlackTitle "GM"]
[WhiteElo "2494"]
[BlackElo "2426"]
[WhiteFideId "409200"]
[BlackFideId "400327"]
[EventDate "2018.07.28"]

1. c4 e6 2. Nf3 d5 3. e3 Nf6 4. Nc3 a6 5. b3 c5 6. cxd5 exd5 7. d4 Nc6 8. Bb2
Bg4 9. dxc5 Bxc5 10. Be2 O-O 11. O-O Qd6 12. Rc1 Rad8 13. Qc2 Ba7 14. Ng5 Nb4
15. Qb1 g6 16. Rcd1 Rfe8 17. a3 h6 18. axb4 hxg5 19. Nxd5 Nxd5 20. Bxg4 Bb8 21.
g3 Qxb4 22. Bf3 Ne7 23. Ba1 Rxd1 24. Rxd1 Nf5 25. Rd7 Be5 26. Rxb7 Qd2 27. Bxe5
Rxe5 28. Qa1 g4 29. Rb8+ Kh7 30. Qxe5 Qe1+ 31. Kg2 1-0

[Event "105th ch-GBR 2018"]
[Site "Hull ENG"]
[Date "2018.08.01"]
[Round "5.5"]
[White "Emms, John M"]
[Black "Hebden, Mark L"]
[Result "1/2-1/2"]
[WhiteTitle "GM"]
[BlackTitle "GM"]
[WhiteElo "2488"]
[BlackElo "2423"]
[WhiteFideId "400254"]
[BlackFideId "400084"]
[EventDate "2018.07.28"]

1. e4 e5 2. Nf3 Nc6 3. Bb5 a6 4. Ba4 Nf6 5. O-O Be7 6. Re1 b5 7. Bb3 O-O 8. d3
d6 9. c3 Na5 10. Bc2 c5 11. Nbd2 Re8 12. Nf1 g6 13. a3 Nc6 14. Bb3 Na5 15. Bc2
Nc6 16. Ne3 Bf8 17. Bb3 Be6 18. Bxe6 fxe6 19. h3 Ra7 20. Ng4 h5 21. Nxf6+ Qxf6
22. Bg5 Qg7 23. b4 Rc7 24. Qb3 Qf7 25. Bd2 d5 26. bxc5 d4 27. c4 Rb7 28. Rec1
Qc7 29. cxb5 Rxb5 30. Qa2 Qd7 31. Rab1 Rxc5 32. Rxc5 Bxc5 33. Qc4 Bxa3 34. Qxa6
Bd6 35. Rc1 Nd8 36. Rb1 Nf7 37. Ng5 Qc8 38. Qb5 Nxg5 39. Bxg5 Qb8 40. Qxb8 Rxb8
41. Rxb8+ Bxb8 42. Kf1 Kf7 43. Ke2 Ke8 44. Kf3 Kd7 45. g4 hxg4+ 46. Kxg4 Ke8 47.
h4 Kf7 48. h5 gxh5+ 49. Kxh5 Bd6 50. Kg4 Bc7 1/2-1/2

[Event "105th ch-GBR 2018"]
[Site "Hull ENG"]
[Date "2018.08.01"]
[Round "5.6"]
[White "Eggleston, David J"]
[Black "Tan, Justin2"]
[Result "1/2-1/2"]
[WhiteTitle "IM"]
[BlackTitle "IM"]
[WhiteElo "2397"]
[BlackElo "2481"]
[WhiteFideId "412120"]
[BlackFideId "3206882"]
[EventDate "2018.07.28"]

1. e4 e5 2. Nf3 Nc6 3. Bc4 Bc5 4. c3 Nf6 5. d3 O-O 6. O-O d6 7. h3 h6 8. b4 Bb6
9. a4 a5 10. b5 Ne7 11. Re1 Ng6 12. Nbd2 c6 13. bxc6 bxc6 14. d4 exd4 15. cxd4
d5 16. Bf1 Nxe4 17. Nxe4 dxe4 18. Rxe4 Be6 19. Re1 Qf6 20. Be3 Rfd8 21. Rb1 Bc7
22. Rc1 Bd5 23. Nh2 Rab8 24. g3 Rb2 25. Ng4 Qd6 26. Bc4 f5 27. Ne5 Nxe5 28. dxe5
Qg6 29. Qf3 Bxe5 30. Rcd1 Kh7 31. Bxd5 Rxd5 32. Rxd5 cxd5 33. Bc1 Rc2 1/2-1/2

[Event "105th ch-GBR 2018"]
[Site "Hull ENG"]
[Date "2018.08.01"]
[Round "5.7"]
[White "Gormally, Daniel W"]
[Black "Palliser, Richard J D"]
[Result "1/2-1/2"]
[WhiteTitle "GM"]
[BlackTitle "IM"]
[WhiteElo "2478"]
[BlackElo "2418"]
[WhiteFideId "406465"]
[BlackFideId "407372"]
[EventDate "2018.07.28"]

1. e4 c6 2. d4 d5 3. e5 Bf5 4. Nf3 e6 5. Be2 Nd7 6. O-O Bg6 7. Nc3 Ne7 8. Rb1
Nc8 9. b4 Be7 10. h3 O-O 11. Bd3 Ncb6 12. Ne2 Bxd3 13. cxd3 a5 14. b5 c5 15.
dxc5 Nxc5 16. Be3 Qd7 17. Qd2 Nca4 18. Rfc1 Ba3 19. Rc2 Rfc8 20. Rxc8+ Qxc8 21.
Qd1 Qf8 22. Bd2 Nc5 23. Nf4 Ncd7 24. Bc3 Bb4 25. Bxb4 axb4 26. Qd2 Qc5 27. Ne2
Qxb5 28. Rxb4 Qa5 29. Nc1 Rc8 30. Nb3 Qa3 31. Rg4 Qe7 32. a4 Nf8 33. h4 Nbd7 34.
Rb4 Rc2 35. Qxc2 Qxb4 36. a5 1/2-1/2

[Event "105th ch-GBR 2018"]
[Site "Hull ENG"]
[Date "2018.08.01"]
[Round "5.8"]
[White "Hawkins, Jonathan"]
[Black "Zakarian, David"]
[Result "1/2-1/2"]
[WhiteTitle "GM"]
[BlackTitle "FM"]
[WhiteElo "2590"]
[BlackElo "2354"]
[WhiteFideId "412686"]
[BlackFideId "13301276"]
[EventDate "2018.07.28"]

1. d4 Nf6 2. c4 e6 3. Nc3 Bb4 4. Qc2 d5 5. cxd5 Qxd5 6. e3 c5 7. Bd2 Bxc3 8.
Bxc3 cxd4 9. Bxd4 Nc6 10. Bc3 O-O 11. Nf3 Rd8 12. Be2 Qc5 13. Rc1 Nd5 14. Qb1
Nxc3 15. Rxc3 Qe7 16. Bd3 g6 17. O-O e5 18. Be4 Bd7 19. Rfc1 Be8 20. Rc5 Rd1+
21. Rxd1 Qxc5 22. Rc1 Qe7 23. b4 Qxb4 24. Qxb4 Nxb4 25. Nxe5 Nc6 26. Nd3 Rd8 27.
g4 b6 28. g5 Kg7 29. Kg2 h6 30. h4 hxg5 31. hxg5 Rc8 32. Ne5 Ne7 33. Rd1 f6 34.
gxf6+ Kxf6 35. f4 Nf5 36. Kf3 Rc3 37. Bd3 b5 38. e4 Nd4+ 39. Ke3 Ne6 40. Ng4+
Kg7 41. Rf1 b4 42. Ne5 Nc5 43. Rb1 Nxd3 44. Nxd3 Bb5 45. Rb3 Rxb3 46. axb3 a5
47. Nc5 Kf6 48. Kd4 Bc6 49. Nd3 Bb5 50. Nb2 Bc6 51. Nd3 Bb5 52. Nb2 1/2-1/2

[Event "105th ch-GBR 2018"]
[Site "Hull ENG"]
[Date "2018.08.01"]
[Round "5.9"]
[White "Pert, Nicholas"]
[Black "Kolbus, Dietmar"]
[Result "1-0"]
[WhiteTitle "GM"]
[BlackTitle "IM"]
[WhiteElo "2544"]
[BlackElo "2303"]
[WhiteFideId "403989"]
[BlackFideId "4610628"]
[EventDate "2018.07.28"]

1. d4 Nf6 2. Nf3 d6 3. Nc3 d5 4. Bf4 c6 5. e3 Bg4 6. h3 Bxf3 7. Qxf3 e6 8. Bd3
Bd6 9. Be5 O-O 10. Qg3 Ne8 11. e4 Bxe5 12. dxe5 d4 13. Ne2 Qa5+ 14. c3 dxc3 15.
Nxc3 Nd7 16. f4 Nc5 17. O-O Qb6 18. Kh2 Qxb2 19. Rac1 Rd8 20. Bb1 Rd2 21. f5 b5
22. Nd5 cxd5 23. Rxc5 dxe4 24. fxe6 fxe6 25. Rxf8+ Kxf8 26. Qf4+ Ke7 27. Bxe4 h6
28. Qh4+ Kf8 29. Qf4+ Ke7 30. Qh4+ Kf8 31. Qh5 Ke7 32. Bc6 Nc7 33. Bf3 Ne8 34.
Bc6 Nc7 35. Bf3 Ne8 36. Qh4+ Kf8 37. Qf4+ Ke7 38. Qh4+ Kf8 39. Qf4+ Ke7 40. Qe4
Qd4 41. Qxd4 Rxd4 42. Rxb5 Rc4 43. Ra5 Rc7 44. Kg3 g5 45. h4 gxh4+ 46. Kxh4 Ng7
47. g4 Kf8 48. Kg3 Ne8 49. Be4 Kf7 50. Ra3 Kg7 51. Rb3 Kf7 52. Rb8 Rc3+ 53. Kf4
Ke7 54. a4 Rc4 55. a5 Nc7 56. Rh8 Nd5+ 57. Kf3 Rc3+ 58. Kf2 Ne3 59. Kg3 Nc4+ 60.
Kf4 Nxa5 61. Rh7+ Kf8 62. Rxh6 Nb3 63. Rxe6 a5 64. Ra6 Nc5 65. Ra8+ Ke7 66. Bd5
Rd3 67. Ra7+ Kf8 68. Ba2 Ra3 69. Bf7 Ra1 70. e6 Re1 71. Kf5 a4 72. g5 Ne4 73.
Rxa4 Nd6+ 74. Kg6 Nxf7 75. Ra8+ Nd8 76. Rxd8+ Ke7 77. Ra8 Rxe6+ 78. Kg7 Re1 79.
g6 Re2 80. Ra1 Re3 81. Rf1 Re2 82. Kh7 Rh2+ 83. Kg8 Re2 84. g7 Re3 85. Rh1 Rg3
86. Kh8 Kf7 87. Rf1+ Ke7 88. g8=Q Rh3+ 89. Qh7+ Rxh7+ 90. Kxh7 1-0

[Event "105th ch-GBR 2018"]
[Site "Hull ENG"]
[Date "2018.08.01"]
[Round "5.10"]
[White "Webb, Laurence E"]
[Black "Adair, James R"]
[Result "1/2-1/2"]
[WhiteTitle "FM"]
[BlackTitle "IM"]
[WhiteElo "2306"]
[BlackElo "2492"]
[WhiteFideId "402389"]
[BlackFideId "406252"]
[EventDate "2018.07.28"]

1. d4 Nf6 2. c4 e6 3. Nf3 d5 4. Nc3 c6 5. cxd5 exd5 6. Bg5 h6 7. Bh4 Bf5 8. e3
Nbd7 9. Bd3 Bxd3 10. Qxd3 Be7 11. O-O O-O 12. Rab1 a6 13. Qc2 Re8 14. Rfc1 Rc8
15. b4 b5 16. Bxf6 Bxf6 17. a4 Nb6 18. Ra1 Qe7 19. Rcb1 Nc4 20. Qd3 Qf8 21. e4
dxe4 22. Nxe4 Be7 23. Nc5 Bxc5 24. dxc5 Qe7 25. axb5 axb5 26. Re1 Qf6 27. Qd4 1/2-1/2

[Event "105th ch-GBR 2018"]
[Site "Hull ENG"]
[Date "2018.08.01"]
[Round "5.11"]
[White "Ward, Chris G"]
[Black "Abdulla, Murad"]
[Result "1-0"]
[WhiteTitle "GM"]
[BlackTitle "FM"]
[WhiteElo "2434"]
[BlackElo "2281"]
[WhiteFideId "400203"]
[BlackFideId "2403757"]
[EventDate "2018.07.28"]

1. d4 Nf6 2. c4 c5 3. d5 b5 4. a4 Qa5+ 5. Bd2 b4 6. Qc2 d6 7. e4 e5 8. Bd3 Be7
9. Ne2 Qc7 10. a5 Nbd7 11. Ng3 h6 12. Nf5 Bf8 13. Qc1 Ba6 14. f3 h5 15. h4 O-O-O
16. Be3 g6 17. Ng3 Be7 18. Nd2 Rdf8 19. Bc2 Ng8 20. Ba4 f5 21. Bf2 Kb8 22. Bb5
Bc8 23. a6 f4 24. Ne2 Nh6 25. Nb3 Nf7 26. Na5 Bf6 27. Bc6 Nd8 28. Bb7 Nb6 29.
Nc6+ Nxc6 30. Bxc6 Rfg8 31. Rh2 Qe7 32. b3 Rh7 33. Kd2 Rhg7 34. Qh1 Qd8 35. Nc1
Bd7 36. Bxd7 Qxd7 37. Nd3 Be7 38. Ra5 Kc7 39. Rb5 Qc8 40. Qa1 Kd8 41. Qa5 Ke8
42. Rxb6 axb6 43. Qxb6 Qa8 44. Bxc5 dxc5 45. Nxe5 Qc8 46. a7 Bd6 47. Qxd6 Rxa7
48. Nc6 1-0

[Event "105th ch-GBR 2018"]
[Site "Hull ENG"]
[Date "2018.08.01"]
[Round "5.12"]
[White "Bradbury, Neil H"]
[Black "Houska, Jovanka"]
[Result "1/2-1/2"]
[WhiteTitle "IM"]
[BlackTitle "IM"]
[WhiteElo "2348"]
[BlackElo "2406"]
[WhiteFideId "400513"]
[BlackFideId "405094"]
[EventDate "2018.07.28"]

1. d4 d5 2. c4 e6 3. Nc3 a6 4. e4 dxe4 5. Nxe4 Bb4+ 6. Nc3 c5 7. a3 Ba5 8. Be3
cxd4 9. Bxd4 Nf6 10. b4 Bc7 11. Nf3 Nbd7 12. Bd3 b6 13. O-O Bb7 14. Qe2 O-O 15.
Rad1 Qe7 16. Rfe1 Rfd8 17. h3 Rac8 18. Nd5 Nxd5 19. cxd5 Bxd5 20. Bxa6 Ra8 21.
Bc4 Bb7 22. Bb2 Nf8 23. Qe3 Rxd1 24. Rxd1 Rd8 25. Rc1 Rc8 26. Rd1 Bb8 27. Bb3 b5
28. Qd4 f6 29. Qb6 Bxf3 30. gxf3 Be5 31. Bxe5 fxe5 32. Qd6 Qf6 33. Qd3 Ra8 34.
Qxb5 Rxa3 35. Qd3 Ra8 36. b5 Ng6 37. Qe4 Rb8 38. Bc4 Nf4 39. Bf1 h5 40. Rb1 Rb6
41. Kh2 Qh4 42. Qe3 Nd5 43. Qd2 Rb8 44. Re1 Rf8 45. Re4 Qf6 46. Be2 Qd8 47. Kg1
Qd6 48. Qb2 Rf5 49. Bf1 Rg5+ 50. Kh2 Rf5 51. Kg1 Qd8 52. h4 Qd6 53. Bh3 Rxf3 54.
Bg2 Rf5 55. Bh3 Rf3 56. Bg2 Rf5 57. Bh3 Rf3 1/2-1/2

[Event "105th ch-GBR 2018"]
[Site "Hull ENG"]
[Date "2018.08.01"]
[Round "5.20"]
[White "Moore, Graham J"]
[Black "Derakhshani, Borna"]
[Result "1/2-1/2"]
[BlackTitle "FM"]
[WhiteElo "2218"]
[BlackElo "2315"]
[WhiteFideId "441988"]
[BlackFideId "12518450"]
[EventDate "2018.07.28"]

1. Nf3 Nf6 2. c4 g6 3. b4 Bg7 4. Bb2 a5 5. b5 a4 6. g3 c6 7. Na3 d5 8. Bg2 O-O
9. O-O dxc4 10. bxc6 Nxc6 11. Nxc4 Be6 12. Ne3 a3 13. Bc3 h6 14. Ne1 Nd5 15.
Bxg7 Nxe3 16. fxe3 Kxg7 17. Nd3 Bd5 18. Bh3 Qd6 19. Qc2 e5 20. Rfb1 Be4 21. Qc3
h5 22. Rb6 Bxd3 23. exd3 h4 24. Rxb7 hxg3 25. hxg3 Ne7 26. Rf1 Nd5 27. Qc4 Rad8
28. Ra7 Qb8 29. Ra5 Nb6 30. Qc3 f6 31. Qxa3 Rf7 32. e4 Rd6 33. Rc1 Qd8 34. Rc3
Rd4 35. Ra7 Nd7 36. Be6 f5 37. Rxd7 Rfxd7 38. Bxd7 Rxd7 39. Qc5 Qf6 40. Qc8 Rf7
41. exf5 Qg5 42. d4 exd4 43. Rd3 Qh5 44. Rxd4 1/2-1/2

[Event "105th ch-GBR 2018"]
[Site "Hull ENG"]
[Date "2018.08.01"]
[Round "5.25"]
[White "Young, Daniel J"]
[Black "Maroroa, Sue"]
[Result "0-1"]
[BlackTitle "WIM"]
[WhiteElo "1962"]
[BlackElo "2104"]
[WhiteFideId "425184"]
[BlackFideId "4301498"]
[EventDate "2018.07.28"]

1. e4 e5 2. Nf3 Nc6 3. Bb5 a6 4. Ba4 Nf6 5. O-O Be7 6. Re1 b5 7. Bb3 d6 8. c3
O-O 9. h3 Nb8 10. d4 Nbd7 11. Nbd2 Bb7 12. Bc2 Re8 13. Nf1 Bf8 14. Ng3 g6 15. a4
c5 16. d5 Nb6 17. b3 bxa4 18. bxa4 a5 19. Bd3 c4 20. Bc2 Nfd7 21. Be3 Qc7 22.
Nd2 Nc5 23. Qe2 Ba6 24. Reb1 Reb8 25. f4 exf4 26. Bxf4 Bg7 27. Ra3 Nb3 28. Qf2
Nxd2 29. Bxd2 Nd7 30. Raa1 Nc5 31. Ne2 Nb3 32. Bxb3 cxb3 33. Qe3 b2 34. Ra3 Bxe2 0-1

[Event "105th ch-GBR 2018"]
[Site "Hull ENG"]
[Date "2018.08.01"]
[Round "5.26"]
[White "Iyengar, Ilya"]
[Black "Muir, Andrew J"]
[Result "1/2-1/2"]
[BlackTitle "IM"]
[WhiteElo "2017"]
[BlackElo "2291"]
[WhiteFideId "405949"]
[BlackFideId "2400138"]
[EventDate "2018.07.28"]

1. d4 d5 2. c4 e6 3. Nc3 c6 4. Nf3 Nf6 5. Bg5 dxc4 6. e4 b5 7. e5 h6 8. Bh4 g5
9. Nxg5 hxg5 10. Bxg5 Nbd7 11. g3 Qa5 12. exf6 b4 13. Ne4 Ba6 14. Bd2 e5 15. a3
Qd5 16. Bg2 c3 17. bxc3 bxa3 18. Bc1 a2 19. Qa4 Bb5 20. Qxa2 exd4 21. Qxd5 cxd5
22. Ng5 Nxf6 23. cxd4 a5 24. h4 Bb4+ 25. Bd2 O-O 26. Bxb4 axb4 27. Kd2 Bc4 28.
Rhb1 b3 29. Rxa8 Rxa8 30. Rb2 Ra1 31. Bf3 Rf1 32. Kc3 Rc1+ 33. Kb4 Kg7 34. Nh3
Rc2 35. Ka3 Rc3 36. Bd1 Ne4 37. Kb4 Rd3 38. Bxb3 Bxb3 39. Rxb3 Rxd4+ 40. Kb5 Rd2
41. Rf3 Rc2 42. Rd3 Nxf2 43. Nxf2 Rxf2 44. Rxd5 f5 45. Kc4 Rg2 46. Rd7+ Kg6 47.
Rd8 Kg7 48. Rd7+ Kg6 49. Rd3 f4 50. gxf4 Rg4 51. Rd4 Kf6 52. h5 Rh4 53. h6 Kf5
54. Rd5+ Ke6 55. Re5+ Kd6 56. Rd5+ Ke6 57. Re5+ Kd6 58. Re4 Rxh6 59. Kd4 Re6 1/2-1/2

[Event "105th ch-GBR 2018"]
[Site "Hull ENG"]
[Date "2018.08.01"]
[Round "5.27"]
[White "Jamroz, Krzysztof"]
[Black "Britton, Richard L"]
[Result "0-1"]
[BlackTitle "FM"]
[WhiteElo "2026"]
[BlackElo "2249"]
[WhiteFideId "1111850"]
[BlackFideId "401692"]
[EventDate "2018.07.28"]

1. e4 c5 2. Nf3 d6 3. d4 cxd4 4. Nxd4 Nf6 5. Nc3 a6 6. Bg5 e6 7. f4 Nbd7 8. Qf3
Qc7 9. O-O-O b5 10. e5 Bb7 11. Qh3 dxe5 12. Bxf6 gxf6 13. fxe5 Qxe5 14. Ndxb5
axb5 15. Bxb5 O-O-O 16. Rhe1 Qf4+ 17. Kb1 Ne5 18. Ne2 Qb4 19. c4 Be4+ 0-1

[Event "105th ch-GBR 2018"]
[Site "Hull ENG"]
[Date "2018.08.01"]
[Round "5.28"]
[White "McDougall, William M"]
[Black "Longson, Sarah N"]
[Result "0-1"]
[BlackTitle "WFM"]
[WhiteElo "2056"]
[BlackElo "2123"]
[WhiteFideId "2404923"]
[BlackFideId "2501465"]
[EventDate "2018.07.28"]

1. d4 d5 2. c4 dxc4 3. Nf3 Nf6 4. e3 e6 5. Bxc4 c5 6. O-O a6 7. dxc5 Bxc5 8.
Qxd8+ Kxd8 9. Nbd2 Ke7 10. Nb3 Bd6 11. Bd2 Bd7 12. Rfd1 Ba4 13. Bc3 Nc6 14. Be2
Rac8 15. Nfd4 Ne5 16. Rac1 Ne4 17. Be1 Rhd8 18. Ba5 Re8 19. f4 Nd7 20. Rxc8 Rxc8
21. Rc1 Rxc1+ 22. Nxc1 Ndf6 23. Bf3 Bc5 24. Nd3 Ba7 25. Bb4+ Ke8 26. Ne5 Bc6 27.
Nexc6 bxc6 28. Nc2 Kd7 29. Bf8 g5 30. g3 gxf4 31. gxf4 Nd2 32. Kf2 Nd5 33. Ke2
Nc4 34. Bxd5 cxd5 35. b3 Nd6 36. Kd3 Ne4 37. Nd4 h5 38. Nf3 f6 39. Bg7 Ke7 40.
Nd4 Kf7 41. Bh6 Nf2+ 42. Ke2 Ng4 0-1

[Event "105th ch-GBR 2018"]
[Site "Hull ENG"]
[Date "2018.08.01"]
[Round "5.29"]
[White "De Coverly, Roger D"]
[Black "Krzyzanowski, Patryk"]
[Result "0-1"]
[WhiteElo "1920"]
[BlackElo "2087"]
[WhiteFideId "405213"]
[BlackFideId "1119958"]
[EventDate "2018.07.28"]

1. e4 c5 2. Nf3 Nc6 3. g3 g6 4. Bg2 Bg7 5. O-O d6 6. d3 Bg4 7. h3 Bd7 8. Nc3 h5
9. Be3 Nd4 10. Rb1 Qc8 11. Nd5 h4 12. g4 Bxg4 13. hxg4 h3 14. Nh2 hxg2 15. Kxg2
e6 16. c3 Qd8 17. cxd4 exd5 18. dxc5 Qh4 19. Bf4 Qh3+ 20. Kg1 Be5 21. Qd2 Nf6
22. Bxe5 Nxg4 23. f3 Nxe5 24. Qg2 dxc5 25. exd5 O-O-O 26. b4 Nxd3 27. bxc5 Qxg2+
28. Kxg2 Rxd5 29. c6 bxc6 30. Rb3 Rg5+ 31. Ng4 Ne5 32. Re1 Nxg4 33. fxg4 Rxg4+
34. Kf3 f5 35. Re7 Rh3+ 36. Kf2 Rxb3 37. axb3 Kb8 38. Rg7 a5 39. Kf3 c5 0-1

[Event "105th ch-GBR 2018"]
[Site "Hull ENG"]
[Date "2018.08.01"]
[Round "5.30"]
[White "Jarmany, John"]
[Black "Ratnesan, Ranesh"]
[Result "0-1"]
[WhiteElo "2110"]
[BlackElo "2073"]
[WhiteFideId "415421"]
[BlackFideId "439339"]
[EventDate "2018.07.28"]

1. d4 Nf6 2. c4 g6 3. Nf3 Bg7 4. g3 O-O 5. Bg2 d6 6. Nc3 c6 7. O-O Qa5 8. Bd2
Qa6 9. b3 b5 10. cxb5 cxb5 11. a4 bxa4 12. Rxa4 Qb6 13. Ne5 Bb7 14. Nc4 Qc7 15.
d5 Nbd7 16. Nb5 Qb8 17. Be3 a6 18. Nc3 Ng4 19. Bd4 Nge5 20. Na5 Qc7 21. f4 Ng4
22. Bxg7 Kxg7 23. Qd4+ Ngf6 24. e4 Rab8 25. e5 dxe5 26. fxe5 Qxe5 27. Qxe5 Nxe5
28. Nxb7 Rxb7 29. d6 Rxb3 30. dxe7 Re8 31. Rxa6 Rxc3 32. Raxf6 Rxe7 33. R6f2 Ng4
34. Rd2 h5 35. Bf3 Ne5 36. Kg2 Nc4 37. Re2 Rxe2+ 38. Bxe2 Ne3+ 39. Kf2 Nxf1 40.
Kxf1 h4 41. Kf2 hxg3+ 42. hxg3 f5 43. Kg2 g5 44. Kf2 Kf6 45. Kg2 Ke5 46. Kf2 Ke4
47. Bd1 Rc1 48. Bf3+ Kd4 49. Ke2 Rc2+ 50. Kf1 Ke3 51. Bb7 f4 52. gxf4 gxf4 53.
Kg1 f3 54. Ba6 Rg2+ 55. Kh1 Ra2 56. Bb5 Kf2 57. Kh2 Ra8 58. Kh3 Rg8 59. Bc6 Ke2
60. Kh2 f2 61. Be4 Rh8+ 0-1

[Event "105th ch-GBR 2018"]
[Site "Hull ENG"]
[Date "2018.08.02"]
[Round "6.1"]
[White "Jones, Gawain C B"]
[Black "Fodor, Tamas Jr."]
[Result "1/2-1/2"]
[WhiteTitle "GM"]
[BlackTitle "GM"]
[WhiteElo "2670"]
[BlackElo "2506"]
[WhiteFideId "409561"]
[BlackFideId "723762"]
[EventDate "2018.07.28"]

1. e4 e5 2. Nf3 Nc6 3. Bb5 Nf6 4. O-O Nxe4 5. d4 Nd6 6. dxe5 Nxb5 7. a4 Nbd4 8.
Nxd4 Nxd4 9. Qxd4 d5 10. exd6 Qxd6 11. Qe3+ Be6 12. Nc3 c6 13. b3 Qc5 14. Qg3
Bd6 15. Ne4 Bxg3 16. Nxc5 Be5 17. Nxe6 Bxa1 18. Nc7+ Kd7 19. Bf4 Rac8 20. Rd1+
Ke7 21. Rxa1 Rhd8 22. f3 Rd7 23. Re1+ Kf8 24. Kf2 g5 25. Be5 Rcxc7 26. Bxc7 Rxc7
27. Rd1 Re7 28. Rd8+ Kg7 29. b4 h6 30. Rd6 h5 31. g3 Kh7 32. h4 gxh4 33. gxh4
Kg7 34. c3 a6 35. c4 f6 36. Kg3 Kg6 37. Rd8 Re1 38. Rb8 Rc1 39. c5 a5 40. Rxb7
axb4 41. Rxb4 Rxc5 42. Kf4 Rc3 43. Rd4 c5 44. Re4 Kf7 45. Re3 Rc4+ 46. Re4 Rc3
47. Kg3 Rc2 48. Kf4 1/2-1/2